Представление документа в формате RUSMARC

ПолеНазваниеЗначение
  Тип записи a
  Библиографический уровень m
001 Контрольный номер RU/SLIB/B/208747358
005 Дата корректировки 20201206204118.0
010 Индекс ISBN __
d Цена 0-65
101 Язык документа 0_
a Язык текста rus
200 Заглавие и сведения об ответственности 1_
a Заглавие Подводный спорт и здоровье
f Первые сведения об ответственности авт.: С.К. Андреева, А.И. Мартынов, В.И. Павлов и др. ; сост. М.А. Паламарчук ; под общ. ред.: С.К. Андреевой и др.
b Общее обозначение материала Текст
210 Выходные данные __
a Место издания М.
c Издательство Изд-во ДОСААФ
d Дата издания 1980
215 Физическое описание __
a Объем 223 с.
c Иллюстрации/тип воспроизводства рис., табл.
300 Общие примечания __
a Общие примечания Авт. указ. на обороте тит. л.
606 Тематические рубрики __
a Основная рубрика Физическая культура и спорт
606 Тематические рубрики __
a Основная рубрика Водный спорт
610 Ключевые слова __
a Ключевые слова подводный спорт; спортсмены-подводники
686 Индексы других классификаций __
a Классификационный индекс 75.717.91; ст75.717.91
801 Источник записи _0
a Страна RU
b Организация Муниципальное бюджетное учреждение культуры "Централизованная библиотечная система" г. Сургут (Центральная городская библиотека им. А. С. Пушкина)
g Правила каталогизации КиК/Уланова
801 Источник записи _1
a Страна RU
b Организация Муниципальное бюджетное учреждение культуры "Централизованная библиотечная система" г. Сургут (Центральная городская библиотека им. А. С. Пушкина)
g Правила каталогизации КиК/Уланова
852 Данные о местонахождении __
j Шифр хранения 75.717.91
c Каталожный индекс 75.717.91
i Авторский знак П 44
p Инвентарный номер 4063
901 Тип документа __
t Тип документа m
990 Данные о заказе (DOS) __
j Количество экземпляров (DOS) 2